Logo BPK

Biblioteka

Politechniki Koszalińskiej

Dynamical systems : (Rekord nr 27109)

Szczegóły MARC
000 -ETYKIETA REKORDU
podpole kontrolne o stałej długości 00410nam a2200157 i 4500
001 - NUMER KONTROLNY REKORDU
pole kontrolne bg
040 ## - ŹRÓDŁO KATALOGOWANIA
Instytucja, która utworzyła rekord BPK
041 ## - KOD JĘZYKA
Kod języka tekstu pol
080 ## - UNIWERSALNA KLASYFIKACJA DZIESIĘTNA - UKD
UKD 517
008 - POLE O STAŁEJ DŁUGOŚCI - DANE KONTROLNE
podpole kontrolne o stałej długości s pl f |000 0 pol
100 1# - NAZWA OSOBOWA
Nazwa osobowa BHATIA, N. P.
245 #0 - TYTUŁ/ODPOWIEDZIALNOŚĆ
Tytuł Dynamical systems :
Ciąg dalszy tytułu stability theory and applications /
Pozostałe elementy strefy tytułu i oznaczenia odpowiedzialności N.P. Bhatia, G.P. Szego.
260 ## - STREFA ADRESU WYDAWNICZEGO
Miejsce wydania Berlin :
Nazwa wydawcy/dystrybutora Springer-Verlag,
Data publikacji, dystrybucji/powstania dokumentu 1967.
700 1# - HASŁO DODATKOWE - NAZWA OSOBOWA
Nazwa osobowa SZEGO, G. P.
856 ## - LOKALIZACJA I DOSTĘP DO ELEKTRONICZNYCH DOKUMENTÓW ZDALNYCH
Link (URL) http://koha.tu.koszalin.pl/cgi-bin/koha/opac-detail.pl?biblionumber=27109
Tekst linku Katalog online BPK
942 ## - DODATKOWE ELEMENTY (KOHA)
Typ dokumentu Książka
Egzemplarze
Wycofany Status egzemplarza Uszkodzony Dostępność Lokalizacja stała Lokalizacja bieżąca Miejsce przechowywania Sygnatura Kod kreskowy Typ dokumentu
      Dostępny Biblioteka Politechniki Koszalińskiej Biblioteka Politechniki Koszalińskiej Wypożyczalnia BG 18893 01963403 Książka
© 2023 Biblioteka Politechniki Koszalińskiej :: KOHA